Sports Quiz

Random Sports or Football Quiz

Patriots 3-Time Champs Quiz Stats

 Plays Quiz not verified by Sporcle

Also try: Cricket ODI Teams
Challenge
Share
Tweet
Embed
Score 0/22 Timer 05:00
0 Plays Today
Hint Answer % Correct
QBTom Brady
99.1%
LBTedy Bruschi
72.6%
CBTy Law
68.9%
WRTroy Brown
65.1%
LBMike Vrabel
59.4%
RBKevin Faulk
58.5%
OLMatt Light
55.7%
LBWillie McGinest
51.9%
KAdam Vinatieri
50.9%
DERichard Seymour
49.1%
WRDavid Patten
45.3%
Hint Answer % Correct
LBTed Johnson
42.5%
OLJoe Andruzzi
33%
FBPatrick Pass
29.2%
LSLonie Paxton
28.3%
LBLarry Izzo
27.4%
OLStephen Neal
24.5%
LBRoman Phifer
23.6%
LBMatt Chatham
13.2%
OLTom Ashworth
9.4%
SJe'Rod Cherry
8.5%
OLAdrian Klemm
7.5%

You're not logged in!

Compare scores with friends on all Sporcle quizzes.
Join for Free
OR
Log In

You Might Also Like...

Show Comments

Extras

Top Quizzes Today


Score Distribution

Your Account Isn't Verified!

In order to create a playlist on Sporcle, you need to verify the email address you used during registration. Go to your Sporcle Settings to finish the process.

Report this User

Report this user for behavior that violates our Community Guidelines.

Details: